000 00822cab a2200241 4500
001 ABS56513
008 090401t1997 xxu||||| |||| 00| 0 eng d
035 _a(Sirsi) u24191
041 _aeng
100 _aWard, C.
245 _aDeveloping attitudes
260 _c1997
350 _a0
490 _aPlanning Week
_v5(3) 23 January 1997, 22(1)
520 _aOutlines how the Town and Country Planning Act 1990 s54A generally requires planning applications to be determined in accordance with development plan policies. Considers exceptions to the rule through recent case law.
650 _aDEVELOPMENT PLANS
650 _aPLANNING APPLICATIONS
650 _aPLANNING POLICY
650 _aTOWN AND COUNTRY PLANNING ACT 1990 S54A
690 _aPLANNING LAW AND PRACTICE
942 _n0
948 _c04/03/1997
999 _c16210
_d16210